Religion Quiz

Random Religion or Book Quiz

Bible Books Without Vowels (New Testament) Quiz Stats

 Plays Quiz Updated Feb 27, 2020

Support Sporcle.
Go Orange.
Score 0/20 Timer 03:00
0 Plays Today
** % Correct
MRKMARK
94.9%
MTTHWMATTHEW
94.9%
JHNJOHN
94.9%
HBRWSHEBREWS
94.5%
LKLUKE
94.2%
PTRPETER
93.6%
CRNTHNSCORINTHIANS
92.1%
JMSJAMES
91.1%
RMNSROMANS
91%
RVLTNREVELATION
90%
** % Correct
TMTHTIMOTHY
89%
JDJUDE
86.1%
GLTNSGALATIANS
82%
PHLPPNSPHILIPPIANS
81.4%
TTSTITUS
81.4%
CLSSNSCOLOSSIANS
78%
THSSLNNSTHESSALONIANS
77.6%
CTSACTS
75%
PHLMNPHILEMON
66.6%
PHSNSEPHESIANS
66.3%

You're not logged in!

Compare scores with friends on all Sporcle quizzes.
OR
Log In

From the Vault

Same Name as a Cartoon Character IV

by ghcgh

Look hard enough and some of these celebrities and cartoons actually start to look alike.
Remove Ads.
Support Sporcle.
Get the best of Sporcle when you Go Orange. This ad-free experience offers more features, more stats, and more fun while also helping to support Sporcle. Thank you for becoming a member.

Show Comments

Extras

Top Quizzes Today


Score Distribution

Your Account Isn't Verified!

In order to create a playlist on Sporcle, you need to verify the email address you used during registration. Go to your Sporcle Settings to finish the process.

Report this User

Report this user for behavior that violates our Community Guidelines.

Details: